Awakening the people,a collection of articles, statements and speeches (Record no. 567922)

000 -LEADER
fixed length control field 00499nam a22001697a 4500
003 - CONTROL NUMBER IDENTIFIER
control field CEME
005 - DATE AND TIME OF LATEST TRANSACTION
control field 20210628201952.0
008 - FIXED-LENGTH DATA ELEMENTS--GENERAL INFORMATION
fixed length control field 210129b xxu||||| |||| 00| 0 eng d
040 ## - CATALOGING SOURCE
Transcribing agency .
082 ## - DEWEY DECIMAL CLASSIFICATION NUMBER
Classification number 923.25491 GBU
100 ## - MAIN ENTRY--PERSONAL NAME
Personal name Zulfikar Ali Bhutto,Bhutto, Zulfikar Ali
9 (RLIN) 57649
245 ## - TITLE STATEMENT
Title Awakening the people,a collection of articles, statements and speeches
260 ## - PUBLICATION, DISTRIBUTION, ETC.
Place of publication, distribution, etc. LAHORE
Name of publisher, distributor, etc. CLARK PUBLISHING,CLASSIC
Date of publication, distribution, etc. 2002
300 ## - PHYSICAL DESCRIPTION
Extent 244P
650 ## - SUBJECT ADDED ENTRY--TOPICAL TERM
Topical term or geographic name entry element AWAKENING THE PEOPLE
9 (RLIN) 57650
942 ## - ADDED ENTRY ELEMENTS (KOHA)
Koha item type Book
Source of classification or shelving scheme
Holdings
Withdrawn status Lost status Damaged status Not for loan Permanent Location Current Location Shelving location Date acquired Total Checkouts Full call number Barcode Date last seen Price effective from Koha item type
        College of Electrical & Mechanical Engineering (CEME) College of Electrical & Mechanical Engineering (CEME) General Stacks 03/14/2017   923.25491 GBU CEME-39602 06/28/2021 06/28/2021 Book
© 2023 Central Library, National University of Sciences and Technology. All Rights Reserved.